| 000 | 01117nam a22003497a 4500 | ||
|---|---|---|---|
| 999 |
_c200453808 _d72020 |
||
| 001 | 200453808 | ||
| 003 | TR-AnTOB | ||
| 005 | 20230804104321.0 | ||
| 007 | ta | ||
| 008 | 230804s2021 tu a|||a |||| 00| j tur d | ||
| 020 | _a9786053415022 | ||
| 040 |
_aTR-AnTOB _beng _erda _cTR-AnTOB |
||
| 041 | 1 |
_atur _heng |
|
| 044 | _ctu | ||
| 092 |
_a808.068 _bDAHk 2021 |
||
| 100 | 1 |
_aDahl, Michael. _eauthor |
|
| 240 | 1 | 0 | _aLittle tiger picks up |
| 245 | 1 |
_aKaplancık odasını topluyor / _cMichael Dahl ; Resimleyen: Oriol Vidal ; Çeviren: Burcu Özbek. |
|
| 250 | _a5. baskı | ||
| 264 | 1 |
_aAnkara : _b1001 Çiçek Kitaplar, _c2021. |
|
| 300 |
_a20 pages : _billustrations ; _c24 cm. |
||
| 336 |
_atext _btxt _2rdacontent |
||
| 337 |
_aunmediated _bn _2rdamedia |
||
| 338 |
_avolume _bnc _2rdacarrier |
||
| 521 | _aÇocuk | ||
| 653 |
_aÇocuk edebiyatı _aÇocuk hikayeleri _aBeceri geliştirmek _aAlışkanlık kazandırmak |
||
| 700 | 1 |
_aVidal, Oriol, _eillustrator _d1973- _9142731 |
|
| 700 |
_aÖzbek, Burcu _etranslator _9142732 |
||
| 942 |
_2ddc _cBK |
||